Statistics for Extinct Animals by Picture

Click here to take the quiz!

General Stats

  • This quiz has been taken 13,135 times
  • The average score is 8 of 15

Answer Stats

Answer% Correct
Mammoth
97%
Dodo
96%
Tyrannosaurus
93%
Saber-Toothed Cat
84%
Triceratops
80%
Stegosaurus
74%
Pterodactyl
68%
Megalodon
59%
Tasmanian Tiger
37%
Trilobite
36%
Giant Sloth
35%
Mastodon
31%
Moa
23%
Iguanodon
18%
Aurochs
14%

Score Distribution

Percentile by Number Answered

Percent of People with Each Score

Your Score History

You have not taken this quiz